Neural Networks (Record no. 3554)

MARC details
000 -LEADER
fixed length control field 00536nam a2200193Ia 4500
020 ## - INTERNATIONAL STANDARD BOOK NUMBER
ISBN 0-7619-1440-4
082 ## - DEWEY DECIMAL CLASSIFICATION NUMBER
Classification number 006.32 ABD-;
100 ## - MAIN ENTRY--AUTHOR NAME
Personal name Abdi, Herve
245 #0 - TITLE STATEMENT
Title Neural Networks
260 ## - PUBLICATION, DISTRIBUTION, ETC. (IMPRINT)
Place of publication London
Name of publisher Sage Publications
Year of publication 1999
300 ## - PHYSICAL DESCRIPTION
Number of Pages iv, 89p.
440 ## - SERIES STATEMENT/ADDED ENTRY--TITLE
Title Sage University paper series on quantitative applications in
504 ## - BIBLIOGRAPHY, ETC. NOTE
Bibliography, etc Includes bibliography
650 ## - SUBJECT ADDED ENTRY--TOPICAL TERM
Topical Term Neural Networks (Computer science)
700 ## - ADDED ENTRY--PERSONAL NAME
Personal name Valentin, Dominique
700 ## - ADDED ENTRY--PERSONAL NAME
Personal name Edelman, Betty
700 ## - ADDED ENTRY--PERSONAL NAME
Personal name Lewis-Beck, Michael S.
942 ## - ADDED ENTRY ELEMENTS (KOHA)
Koha item type Books
Holdings
Withdrawn status Lost status Damaged status Not for loan Home library Current library Date acquired Bill Date Full call number Accession Number Price effective from Koha item type
        NASSDOC Library NASSDOC Library 09/09/2004 2004-10-05 006.32 ABD-; 39720 18/04/2019 Books